Geography Words in Book Titles Quiz Stats

 Plays Quiz Updated Feb 22, 2018

Challenge
Share
Tweet
Embed
Score 0/30 Timer 07:00
1 Play Today
% Correct
Cities
93.9%
Heights
92.8%
Tropic
89.7%
Caspian
86.5%
Kilimanjaro
86%
Fault
85%
Nile
84.9%
Plain
82.8%
Atlas
82.6%
Valley
82.2%
County
81.8%
Street
81.7%
Continental
80.4%
Native
79.3%
Island
78.5%
% Correct
Travels
78.4%
Jungle
76.1%
Tides
75.7%
Sea
74.6%
Abroad
73.7%
Zone
71.4%
Flags
71.4%
Country
71.2%
Coast
70.3%
Lake
69.4%
Planet
67.2%
Archipelago
62.7%
Meridian
45.1%
Mountains
32.7%
Latitudes
29.5%

You're not logged in!

Compare scores with friends on all Sporcle quizzes.
OR
Log In

You Might Also Like...

Show Comments

Extras

Top Quizzes Today


Score Distribution

Your Account Isn't Verified!

In order to create a playlist on Sporcle, you need to verify the email address you used during registration. Go to your Sporcle Settings to finish the process.

Report this User

Report this user for behavior that violates our Community Guidelines.

Details: